| 000 | 01443cam a22002295a 4500 | ||
|---|---|---|---|
| 001 | L151380 | ||
| 008 | 101029e20100925xxk 000 0 eng d | ||
| 035 | _a(Sirsi) u151380 | ||
| 041 | 0 | _aeng | |
| 100 | 1 | _aStarr, John | |
| 245 | 0 | 0 | _aConstructing a resolution |
| 260 | _c2010 | ||
| 490 |
_aEstates Gazette _v(1038) 25 September 2010, 102-103(2) |
||
| 520 | _aEffectiveness of adjudication as a form of dispute resolution procedure used in the construction industry. Explains how it can enable projects to proceed without undue delay or expense and the most suitable situations for its use. Points out that the Housing Grants, Construction and Regeneration Act 1996 which applies to all construction contracts will be amended by the Local Democracy, Economic Development and Construction Act 2009 which although leaving adjudication provisions unchanged abolishes the requirement for construction contracts to be in writing. | ||
| 590 | _aKA | ||
| 650 | 2 | 4 | _aHOUSING GRANTS, CONSTRUCTION AND REGENERATION ACT 1996 |
| 650 | 2 | 4 | _aLOCAL DEMOCRACY, ECONOMIC DEVELOPMENT AND CONSTRUCTION ACT 2009 |
| 651 | 4 |
_aEngland and Wales _y1543- |
|
| 690 | _aMANAGEMENT-DISPUTE AVOIDANCE, MANAGEMENT AND RESOLUTION-DISPUTE MANAGEMENT AND RESOLUTION-ALTERNATIVE DISPUTE RESOLUTION-ADJUDICATION | ||
| 856 | 4 | 0 |
_uhttps://www.rics.org/site/scripts/download_info.aspx?fileID=5239&categoryID=524 _zView the item free of charge at www.rics.org |
| 942 | _n0 | ||
| 999 |
_c82788 _d82788 |
||